000
00324nam a2200133Ia 4500
008
240624s9999 xx 000 0 und d
041
_a
eng
082
_a
330.9154 DAS
100
_a
DAS GURCHARAN
245
_a
INDIA UNBOUND
260
_c
2002
_a
New Delhi
_b
Penguin Books
300
_a
xix, : 412 : p. : cm. ; 22
365
_c
RS
999
_c
5377
_d
5377